Statistics for Least-Forested Countries

Click here to take the quiz!

General Stats

  • This quiz has been taken 48,416 times
    (13,307 since last reset)
  • The average score is 14 of 20

Answer Stats

%ContinentCountry% Correct
0.0583AfricaEgypt
92%
0.0652AsiaSaudi Arabia
90%
0.686AfricaAlgeria
87%
0.0842AfricaLibya
86%
0.145AsiaOman
86%
0.894AsiaYemen
85%
0.929AsiaQatar
84%
0.596AsiaIraq
82%
0.648AsiaUnited Arab Emirates
80%
0.425AsiaKuwait
77%
0.204AsiaJordan
74%
0.270AfricaMauritania
68%
0.667AfricaNiger
67%
1.44OceaniaNauru
63%
0.361EuropeIceland
55%
0.0947AfricaDjibouti
50%
0.713OceaniaMarshall Islands
46%
0.184AsiaTurkmenistan
43%
0.641AsiaUzbekistan
41%
1.39AsiaMaldives
36%

Score Distribution

Percentile by Number Answered

Percent of People with Each Score

Your Score History

You have not taken this quiz since the last reset